Po chaose konsolidácia
Nový egyptský prezident sa bravúrne porátal s armádou. S ekonomikou to bude mať ťažšie. Egyptské makročísla.
Gespeichert in:
| 1. Verfasser: | |
|---|---|
| Format: | Buchkapitel |
| Sprache: | Slowakisch |
| Schlagworte: | |
| Tags: |
Keine Tags, Fügen Sie das erste Tag hinzu!
|
MARC
| LEADER | 00000naa a2200000 4500 | ||
|---|---|---|---|
| 001 | 0158271 | ||
| 005 | 20231113080234.0 | ||
| 041 | 0 | |a slo | |
| 044 | |a SK | ||
| 245 | 1 | 0 | |a Po chaose konsolidácia |c Adrian Peter Pressburg |
| 520 | |a Nový egyptský prezident sa bravúrne porátal s armádou. S ekonomikou to bude mať ťažšie. Egyptské makročísla. | ||
| 610 | 2 | 0 | |a Egypt |
| 610 | 2 | 0 | |a situácia hospodárska |
| 610 | 2 | 0 | |a situácia politická |
| 610 | 2 | 0 | |a armáda |
| 100 | 1 | |a Pressburg, Adrian Peter | |